| 000 | 00601nam a22001817a 4500 | ||
|---|---|---|---|
| 005 | 20170801154930.0 | ||
| 020 |
_a9780008167165 _c399.00 |
||
| 035 | _aB667165 | ||
| 037 |
_adpl _bAakar/Ven |
||
| 082 | _aS | ||
| 100 | _a Roth, Veronica | ||
| 245 |
_aAllegiant / _cby Veronica Roth |
||
| 260 |
_aLondon _bharper Collins Children Books _c2016 |
||
| 270 |
_a77-85 Fulham Palace Road, Hammersmith _bLondon _eW6 8JB |
||
| 300 |
_a526p. _c19cm(pbk) |
||
| 942 |
_2ddc _cCH _mROT _hS |
||
| 999 |
_c143028 _d143028 |
||